[Event "Veteran-SM"]
[Site "Lund"]
[Date "2010.07.03"]
[Round "1"]
[White "Axelsson, Uno"]
[Black "Halleröd, Ralph"]
[Result "1-0"]
[WhiteElo "2062"]
[BlackElo "2165"]
[PlyCount "31"]
[EventDate "2010.07.03"]
[Source "Anders Hansen"]
[SourceDate "2010.07.03"]

1. d4 Nf6 2. c4 e6 3. Nc3 Bb4 4. e3 Nc6 5. a3 Bxc3+ 6. bxc3 O-O 7. Ne2 Na5 8.
Ng3 b6 9. e4 d6 10. Bg5 Ba6 11. Nh5 Kh8 12. Qf3 h6 13. Nxf6 Qc8 14. Qh5 Rd8 15.
Bxh6 gxf6 16. Bg5+ 1-0

[Event "Veteran-SM"]
[Site "Lund"]
[Date "2010.07.03"]
[Round "1"]
[White "Gummesson, Ingvar"]
[Black "Andersson, Göran"]
[Result "0-1"]
[WhiteElo "1824"]
[BlackElo "2173"]
[PlyCount "60"]
[EventDate "2010.07.03"]
[Source "Anders Hansen"]
[SourceDate "2010.07.03"]

1. d4 Nf6 2. Nf3 g6 3. g3 Bg7 4. c4 O-O 5. Nc3 d6 6. Bg2 Nbd7 7. e4 e5 8. d5
Nc5 9. Qc2 a5 10. O-O Ne8 11. Be3 f5 12. Bxc5 dxc5 13. Rad1 Nd6 14. b3 f4 15.
h4 h6 16. Qd3 g5 17. Kh2 Bf6 18. Ne2 g4 19. Ne1 f3 20. Bxf3 gxf3 21. Nxf3 Bg4
22. Neg1 Qe8 23. Rde1 Qh5 24. Re3 Rf7 25. Nxe5 Bxe5 26. f4 Raf8 27. Nf3 Rxf4
28. Kg2 Rxf3 29. Rfxf3 Rxf3 30. a3 Rxe3 0-1

[Event "Veteran-SM"]
[Site "Lund"]
[Date "2010.07.03"]
[Round "1"]
[White "Hesselborn, Per-Ove"]
[Black "Andersson, Kaj"]
[Result "1/2-1/2"]
[WhiteElo "2074"]
[BlackElo "2012"]
[PlyCount "41"]
[EventDate "2010.07.03"]
[Source "Anders Hansen"]
[SourceDate "2010.07.03"]

1. e4 c5 2. Nc3 e6 3. Nf3 a6 4. d4 cxd4 5. Nxd4 d6 6. Bd3 Nf6 7. f4 Be7 8. Qe2
Qc7 9. Be3 Nbd7 10. O-O b5 11. a4 b4 12. Na2 d5 13. e5 Ne4 14. Bxe4 dxe4 15. c3
bxc3 16. Nxc3 Bb7 17. Rac1 Qa5 18. Kh1 O-O 19. Bg1 Rfc8 20. Nxe4 Qxa4 21. f5
1/2-1/2

[Event "Veteran-SM"]
[Site "Lund"]
[Date "2010.07.03"]
[Round "1"]
[White "Wahlbom, Magnus"]
[Black "Finnlaugsson, Gunnar"]
[Result "1-0"]
[WhiteElo "2271"]
[BlackElo "2106"]
[PlyCount "59"]
[EventDate "2010.07.03"]
[Source "Anders Hansen"]
[SourceDate "2010.07.03"]

1. d4 Nf6 2. c4 c5 3. d5 b5 4. cxb5 a6 5. e3 e6 6. Nc3 exd5 7. Nxd5 Bb7 8.
Nxf6+ Qxf6 9. Nf3 Be7 10. bxa6 Nxa6 11. Be2 Nb4 12. a3 Be4 13. O-O Nc2 14. Nd2
Nxa1 15. Nxe4 Qe6 16. Ng3 O-O 17. Bg4 Qc4 18. Bd2 Bf6 19. Be2 Qc2 20. Qxc2 Nxc2
21. Rc1 Bxb2 22. Rxc2 Bxa3 23. Bc4 Rab8 24. f4 Rb2 25. Rxb2 Bxb2 26. Kf2 d5 27.
Bxd5 Rd8 28. e4 c4 29. Ne2 Kf8 30. Bb4+ 1-0

[Event "Veteran-SM"]
[Site "Lund"]
[Date "2010.07.03"]
[Round "1.4"]
[White "Andersson, Sven-Olof"]
[Black "Hammar, Bengt"]
[Result "0-1"]
[WhiteElo "2057"]
[BlackElo "2230"]
[PlyCount "104"]
[EventDate "2010.07.03"]
[Source "Anders Hansen"]
[SourceDate "2010.07.03"]

1. d4 Nf6 2. Nf3 g6 3. g3 Bg7 4. Bg2 O-O 5. O-O d6 6. c4 Nbd7 7. Nc3 e5 8. e3
c6 9. Nd2 Ne8 10. d5 c5 11. a4 f5 12. f4 h6 13. Kh1 e4 14. Ra3 Ndf6 15. Bh3 h5
16. Qe2 Kf7 17. Nd1 Rh8 18. Nf2 Ng4 19. Bg2 Nxf2+ 20. Rxf2 h4 21. gxh4 Qxh4 22.
Bf1 Nf6 23. Rg2 Bd7 24. Kg1 Rag8 25. Rb3 Bc8 26. Rg3 Ng4 27. Rh3 Qe7 28. Rxh8
Rxh8 29. h3 Nf6 30. Qg2 Nh5 31. Be2 Qh4 32. Nf1 Nf6 33. Bd2 Qxh3 34. Qxh3 Rxh3
35. Kg2 Rh8 36. Ng3 Ne8 37. Bc3 Bxc3 38. Rxc3 Kf6 39. Rc1 Bd7 40. b3 Nc7 41.
Rh1 Rxh1 42. Kxh1 Na6 43. Kg2 Nb4 44. Kf2 b6 45. Bf1 a6 46. Ke1 b5 47. a5 bxc4
48. Bxc4 Bb5 49. Ne2 Nd3+ 50. Kd2 g5 51. fxg5+ Kxg5 52. Nc3 Ne5 0-1

[Event "Veteran-SM"]
[Site "Lund"]
[Date "2010.07.03"]
[Round "1.5"]
[White "Nordström, Felix"]
[Black "Andersson, Gunnar"]
[Result "0-1"]
[WhiteElo "2192"]
[BlackElo "2040"]
[PlyCount "78"]
[EventDate "2010.07.03"]
[Source "Anders Hansen"]
[SourceDate "2010.07.03"]

1. d4 Nf6 2. c4 e6 3. Nc3 Bb4 4. Qc2 d5 5. cxd5 exd5 6. Bg5 O-O 7. e3 h6 8.
Bxf6 Qxf6 9. Bd3 c5 10. Nf3 c4 11. Be2 Bf5 12. Qa4 Bxc3+ 13. bxc3 Nc6 14. O-O
a6 15. Nd2 b5 16. Qa3 Rfd8 17. Bf3 Bd3 18. Rfc1 b4 19. cxb4 Qd6 20. Qa4 Nxb4
21. e4 c3 22. Rxc3 dxe4 23. Nxe4 Bxe4 24. Bxe4 Qxd4 25. Bxa8 Qxc3 26. Rb1 Qd2
27. Be4 Nxa2 28. Rf1 Nc3 29. Qc2 Qxc2 30. Bxc2 Rd2 31. Bb3 a5 32. Ra1 a4 33.
Bc4 Rd1+ 34. Rxd1 Nxd1 35. Kf1 a3 36. Ke1 Nc3 37. Kd2 a2 38. Bxa2 Nxa2 39. Kc2
Nb4+ 0-1

[Event "Veteran-SM"]
[Site "Lund"]
[Date "2010.07.03"]
[Round "1.7"]
[White "Eriksson, Bo H. T"]
[Black "Persson, Börje"]
[Result "1-0"]
[WhiteElo "2162"]
[BlackElo "1969"]
[PlyCount "120"]
[EventDate "2010.07.03"]
[Source "Anders Hansen"]
[SourceDate "2010.07.03"]

1. e4 c5 2. Nf3 e6 3. d4 cxd4 4. Nxd4 a6 5. Bd3 Nf6 6. O-O Qc7 7. Nc3 Nc6 8.
Nb3 Be7 9. f4 d6 10. Be3 O-O 11. Qe2 b5 12. a3 Bb7 13. Rae1 Rac8 14. Kh1 Na5
15. Nxa5 Qxa5 16. Bd2 Qc7 17. e5 Nd7 18. exd6 Bxd6 19. Ne4 Bxe4 20. Qxe4 Nf6
21. Qe2 g6 22. Rc1 Qb6 23. b4 Qb8 24. c4 bxc4 25. Bxc4 a5 26. bxa5 Bxa3 27. Ra1
Bc5 28. a6 Bd4 29. Rab1 Qa7 30. Rb7 Qc5 31. Bb3 Nd5 32. Bxd5 Qxd5 33. Qd3 Ra8
34. Rb5 Qd8 35. Ba5 Qf6 36. Bb6 Bxb6 37. Rxb6 Ra7 38. Qb5 Kg7 39. Qe5 Qxe5 40.
fxe5 g5 41. g4 Rd8 42. Ra1 Rdd7 43. Kg2 Kg6 44. Ra3 h6 45. Kf3 Rac7 46. Rd6 Re7
47. h3 Ra7 48. Rb6 f5 49. exf6 Kxf6 50. Ke4 Red7 51. Rf3+ Ke7 52. Rc3 Rd6 53.
Rcc6 Rxc6 54. Rxc6 Kf6 55. Kd4 Rd7+ 56. Kc5 Rd3 57. a7 Ra3 58. Kb6 Rb3+ 59. Kc7
Ra3 60. Kb7 Ke5 1-0

[Event "Veteran-SM"]
[Site "Lund"]
[Date "2010.07.04"]
[Round "2.1"]
[White "Andersson, Gunnar"]
[Black "Wahlbom, Magnus"]
[Result "1-0"]
[WhiteElo "2040"]
[BlackElo "2288"]
[PlyCount "33"]
[EventDate "2010.07.03"]
[Source "Anders Hansen"]
[SourceDate "2010.07.03"]

1. e4 e6 2. d4 d5 3. Nc3 Bb4 4. Nge2 dxe4 5. a3 Be7 6. Nxe4 Nc6 7. Bf4 Nf6 8.
Qd3 b6 9. O-O-O Bb7 10. f3 Qd7 11. g4 Nxe4 12. fxe4 g5 13. Bg3 Bf6 14. Bg2
O-O-O 15. Rhf1 Qe7 16. Qc4 Rhe8 17. e5 1-0

[Event "Veteran-SM"]
[Site "Lund"]
[Date "2010.07.04"]
[Round "2.2"]
[White "Hammar, Bengt"]
[Black "Eriksson, Bo H. T"]
[Result "1-0"]
[WhiteElo "2230"]
[BlackElo "2162"]
[PlyCount "101"]
[EventDate "2010.07.03"]
[Source "Anders Hansen"]
[SourceDate "2010.07.03"]

1. e4 c5 2. Nf3 d6 3. d4 cxd4 4. Nxd4 Nf6 5. Nc3 a6 6. Bg5 e6 7. f4 Be7 8. Qf3
Qc7 9. O-O-O Nbd7 10. g4 b5 11. Bxf6 Nxf6 12. a3 Rb8 13. f5 d5 14. fxe6 fxe6
15. exd5 exd5 16. Nf5 O-O 17. Qg3 Qc5 18. Nxe7+ Qxe7 19. g5 Ne4 20. Nxe4 Qxe4
21. Bg2 Qf4+ 22. Qxf4 Rxf4 23. Bxd5+ Kh8 24. Rhf1 Rf5 25. Be4 Rxf1 26. Rxf1 Be6
27. Rd1 Rf8 28. Rd6 Bc8 29. Kd2 g6 30. Ke3 Kg7 31. Rc6 Bf5 32. Rc7+ Kh8 33. Ra7
Bxe4 34. Kxe4 Rf2 35. Rxa6 Rxc2 36. b4 Rxh2 37. Ra5 Rh3 38. Ke5 Rg3 39. Kf4 Rd3
40. Rxb5 Rxa3 41. Rb8+ Kg7 42. Rb7+ Kg8 43. b5 Ra4+ 44. Ke3 Rg4 45. b6 Rxg5 46.
Rc7 h5 47. b7 Rb5 48. Rc8+ Kg7 49. b8=Q Rxb8 50. Rxb8 Kf6 51. Rb5 1-0

[Event "Veteran-SM"]
[Site "Lund"]
[Date "2010.07.04"]
[Round "2.3"]
[White "Andersson, Göran"]
[Black "Svensson, Sören"]
[Result "1-0"]
[WhiteElo "2169"]
[BlackElo "2121"]
[PlyCount "59"]
[EventDate "2010.07.03"]
[Source "Anders Hansen"]
[SourceDate "2010.07.03"]

1. e4 e5 2. Nf3 Nc6 3. Bb5 a6 4. Ba4 Nf6 5. O-O Nxe4 6. d4 b5 7. Bb3 d5 8. dxe5
Be6 9. Be3 Be7 10. c3 O-O 11. Nbd2 Qd7 12. Bc2 f5 13. exf6 Nxf6 14. Re1 Bd6 15.
Qb1 Ne7 16. Bd4 c5 17. Bxf6 Rxf6 18. Bxh7+ Kh8 19. Ng5 g6 20. Ndf3 Bf5 21. Qc1
Nc6 22. h3 Raf8 23. Nh4 Bd3 24. Qd1 Bf4 25. Qxd3 Bxg5 26. Nxg6+ Rxg6 27. Bxg6
Qd6 28. Re8 Rxe8 29. Bxe8 Qe6 30. Bxc6 1-0

[Event "Veteran-SM"]
[Site "Lund"]
[Date "2010.07.04"]
[Round "2.5"]
[White "Söderborg, Berndt"]
[Black "Hesselborn, Per-Ove"]
[Result "1/2-1/2"]
[WhiteElo "2115"]
[BlackElo "2309"]
[PlyCount "40"]
[EventDate "2010.07.03"]
[Source "Anders Hansen"]
[SourceDate "2010.07.03"]

1. e4 g6 2. d4 Bg7 3. Nf3 d6 4. h3 Nf6 5. Nc3 a6 6. Be3 O-O 7. Qd2 b5 8. e5 b4
9. exf6 bxc3 10. Qxc3 Bxf6 11. Qd2 Nc6 12. Bc4 d5 13. Bb3 a5 14. Ba4 Nb8 15.
Bh6 Bg7 16. O-O Bd7 17. Bxd7 Nxd7 18. Rfe1 e6 19. Bxg7 Kxg7 20. Re3 Qe7 1/2-1/2

[Event "Veteran-SM"]
[Site "Lund"]
[Date "2010.07.04"]
[Round "2.6"]
[White "Andersson, Kaj"]
[Black "Marklund, Gunnar"]
[Result "1-0"]
[WhiteElo "2098"]
[BlackElo "2080"]
[PlyCount "85"]
[EventDate "2010.07.03"]
[Source "Anders Hansen"]
[SourceDate "2010.07.03"]

1. d4 d5 2. c4 c6 3. Nc3 Nf6 4. Nf3 e6 5. e3 dxc4 6. Bxc4 Nbd7 7. O-O Nb6 8.
Bb3 Bb4 9. Bd2 Bxc3 10. bxc3 a5 11. Qe2 a4 12. Bc2 Qc7 13. e4 Nbd7 14. e5 Ng8
15. Ng5 Nf8 16. Ne4 Ng6 17. Nd6+ Kf8 18. f4 f5 19. g4 Nh6 20. gxf5 Nxf5 21.
Nxf5 exf5 22. c4 Be6 23. Bb4+ Kg8 24. Bd6 Qf7 25. Bd3 Ne7 26. Rab1 Nc8 27. Ba3
h6 28. Rb2 Kh7 29. Rfb1 b6 30. Rc2 Rd8 31. Qe3 Qd7 32. Rd2 Kh8 33. Bf1 Ra7 34.
d5 c5 35. Rbd1 Bg8 36. Bb2 Qe8 37. Qh3 Qg6+ 38. Rg2 Qh7 39. Bd3 Rf8 40. Kh1 b5
41. Qe3 bxc4 42. Qxc5 cxd3 43. Qxf8 1-0

[Event "Veteran-SM"]
[Site "Lund"]
[Date "2010.07.04"]
[Round "2.8"]
[White "Persson, Börje"]
[Black "Nordström, Felix"]
[Result "0-1"]
[WhiteElo "1969"]
[BlackElo "2192"]
[PlyCount "62"]
[EventDate "2010.07.03"]
[Source "Anders Hansen"]
[SourceDate "2010.07.03"]

1. e4 c5 2. Nf3 d6 3. d4 cxd4 4. Nxd4 Nf6 5. Nc3 a6 6. Bg5 e6 7. f4 Be7 8. Qf3
h6 9. Bxf6 Bxf6 10. O-O-O Qb6 11. Nb3 Qc7 12. g4 Nc6 13. Kb1 Bd7 14. h4 O-O-O
15. Bg2 Be7 16. g5 Kb8 17. Bh3 Bc8 18. Ne2 hxg5 19. hxg5 Rh7 20. Bg2 Rdh8 21.
Rxh7 Rxh7 22. a3 Rh8 23. Nc3 g6 24. Nc1 Na5 25. Bf1 b5 26. Bd3 Bb7 27. N1e2 Nc4
28. Qf2 Qb6 29. Qg3 Qc5 30. Bxc4 Qxc4 31. Rd4 Rh1+ 0-1

[Event "Veteran-SM"]
[Site "Lund"]
[Date "2010.07.04"]
[Round "2.9"]
[White "Finnlaugsson, Gunnar"]
[Black "Gummesson, Ingvar"]
[Result "1/2-1/2"]
[WhiteElo "2076"]
[BlackElo "1983"]
[PlyCount "51"]
[EventDate "2010.07.03"]
[Source "Anders Hansen"]
[SourceDate "2010.07.03"]

1. e4 c5 2. Nf3 d6 3. d4 cxd4 4. Qxd4 Nf6 5. Nc3 a6 6. Bg5 Nc6 7. Qd2 Bg4 8.
Be2 e6 9. O-O Be7 10. h3 Bh5 11. Rfe1 Qc7 12. Rad1 Rd8 13. Nd4 Bg6 14. Bf1 O-O
15. Kh1 h6 16. Bh4 Nxe4 17. Rxe4 Bxe4 18. Bxe7 Bxg2+ 19. Bxg2 Nxe7 20. Qd3 d5
21. Re1 Ng6 22. Nxe6 fxe6 23. Qxg6 Rf6 24. Qg4 Qf7 25. Re2 Rf8 26. a3 1/2-1/2

[Event "Veteran-SM"]
[Site "Lund"]
[Date "2010.07.05"]
[Round "3.1"]
[White "Andersson, Göran"]
[Black "Hammar, Bengt"]
[Result "0-1"]
[WhiteElo "2169"]
[BlackElo "2230"]
[PlyCount "60"]
[EventDate "2010.07.03"]
[Source "Anders Hansen"]
[SourceDate "2010.07.03"]

1. e4 c5 2. Nf3 d6 3. d4 cxd4 4. Nxd4 Nf6 5. Nc3 a6 6. Bg5 e6 7. f4 Nbd7 8. Qf3
Qc7 9. O-O-O b5 10. Bxb5 axb5 11. Ndxb5 Qb8 12. e5 Bb7 13. Qe2 dxe5 14. Qc4 Be7
15. Nc7+ Kf8 16. Nxa8 Bxa8 17. Bxf6 Nxf6 18. fxe5 Nd5 19. Rd3 g6 20. Nxd5 Bxd5
21. Qf4 h6 22. h4 Kg7 23. Rf1 Rf8 24. b3 Bxg2 25. Rf2 Qb7 26. Rfd2 Be4 27. Rd7
Ba3+ 28. Kb1 Qc6 29. Qf6+ Kg8 30. Rd8 Bxc2+ 0-1

[Event "Veteran-SM"]
[Site "Lund"]
[Date "2010.07.05"]
[Round "3.3"]
[White "Wahlbom, Magnus"]
[Black "Andersson, Kaj"]
[Result "1-0"]
[WhiteElo "2288"]
[BlackElo "2098"]
[Annotator "Axel Smith"]
[PlyCount "61"]
[EventDate "2010.07.03"]
[Source "Anders Hansen"]
[SourceDate "2010.07.03"]

1. d4 d5 2. c4 c6 3. Nf3 Nf6 4. Nc3 dxc4 5. a4 {
Vit måste stoppa b7-b5 för att få tillbaka bonden.} Bf5 ({
Svart kan inte försvara bonden med} 5... a6 6. e4 b5 7. axb5 cxb5 {på grund av}
8. Nxb5) 6. e3 (6. Ne5 {spelades tre gånger i VM-matchen Topalov-Anand, med
idén att spela f3 följt av e4.}) 6... e6 7. Bxc4 {Vit har fått två
centrumbönder mot en, till priset av b4-fältet och e4-fältet, samt en instängd
löpare på c1. Nu lyckas vit ofta forcera igenom e3-e4, vilket löser de två
sistnämnda problemen.} Nbd7 8. O-O Bb4 9. Qe2 O-O ({
Svart kan ändå inte hålla emot e4 i längden, t.ex.} 9... Ne4 10. Nxe4 Bxe4 {
följt av springarflytt och e3-e4.}) 10. e4 Bg4 11. Bf4 {
11.Rd1 är draget som spelas på elitnivå.} Qa5 (11... e5 $1 12. dxe5 Nh5 $1 {
verkar överraskande bra för svart, eftersom vit inte kan tillåta Nxe5 med
bindningen av springaren på f3.}) 12. Qe3 {
Diagram # Går ur bindningen. Vit är nu redo att spela Ne5.} Nh5 $6 {"Springer a
m Rande bringt Kummer und Schande", eller "A Knight on the rim is dim" eller
"En springaren på kanten är värsta fjanten".} 13. Ne5 {
Problemet för svart är faktiskt inte springaren, utan löparen på g4.} Nb6 {
Mothot.} (13... Nxf4 14. Nxd7 Rfd8 15. Qxf4 {vinner pjäs för vit.}) 14. Bb3
Nxf4 {Nu när springaren på d7 inte hänger.} 15. Qxf4 Bxc3 $6 (15... Bh5 {
hade varit bättre, även om löparen inte riktigt ser ut att trivas.}) 16. bxc3
Qxc3 {Diagram # Mothot igen.} 17. a5 $1 {Wahlbom ignorerar löparen på b3 och
tar heller inte den på g4. Poängen är att springaren inte har några bra fält
att flytta till, och att en bonde på b6 blir väldigt stark.} Qxb3 18. axb6 Be2
19. Rfb1 Qc2 20. Rc1 {Garderar tornet med tempo.} Qb2 21. Rxa7 Qxb6 {Diagram #}
(21... Rxa7 $1 {
är bästa draget, även om det ser läskigt ut med fribonden på a7.} 22. bxa7 Qxd4
$1 {och vit kan inte gardera a7 på något vettigt sätt. Svart klarar sig.}) (
21... Rab8 22. Nd7 {är gaffel.}) (21... Ba6 22. Rxa8 {och f7 faller.}) 22.
Qxf7+ $3 Kh8 (22... Rxf7 23. Rxa8+ Rf8 24. Rxf8+ Kxf8 25. Nd7+ {
var Wahlboms vackra poäng.}) 23. Rxb7 $1 {
Vit vinner nu material. Resten är enkelt.} Rxf7 24. Nxf7+ Kg8 25. Rxb6 Kxf7 26.
Rbxc6 Rd8 27. Rc7+ Kf6 28. e5+ Kg6 29. R7c6 Rxd4 30. Rxe6+ Kf5 31. Re7 1-0

[Event "Veteran-SM"]
[Site "Lund"]
[Date "2010.07.05"]
[Round "3.4"]
[White "Hesselborn, Per-Ove"]
[Black "Halleröd, Ralph"]
[Result "1/2-1/2"]
[WhiteElo "2309"]
[BlackElo "2122"]
[PlyCount "106"]
[EventDate "2010.07.03"]
[Source "Anders Hansen"]
[SourceDate "2010.07.03"]

1. e4 c6 2. d4 d5 3. exd5 cxd5 4. Bd3 Nc6 5. c3 Nf6 6. Bf4 Bg4 7. Qb3 Qd7 8.
Nd2 e6 9. Ngf3 Bxf3 10. Nxf3 Bd6 11. Bg3 O-O 12. O-O Bxg3 13. hxg3 Qc7 14. Rae1
Ng4 15. Qd1 h6 16. Nh2 Nxh2 17. Kxh2 Na5 18. Bb1 Rfe8 19. Qh5 Nc4 20. Re2 Re7
21. f4 f5 22. Rfe1 Rf8 23. Rxe6 Rxe6 24. Rxe6 Qf7 25. Qxf7+ Rxf7 26. Re8+ Rf8
27. Re2 g6 28. a3 Kf7 29. Ba2 b5 30. Kg1 Nb6 31. Re5 Rd8 32. Kf2 Nc4 33. Re2
Rd6 34. Ke1 Nb6 35. Kd2 Rd8 36. Kc2 Kf6 37. Re5 g5 38. Kc1 gxf4 39. gxf4 Nc4
40. Bxc4 bxc4 41. b4 cxb3 42. Kb2 h5 43. Kxb3 h4 44. Re2 Rb8+ 45. Kc2 Rg8 46.
Kb3 Rg4 47. Rf2 Rg3 48. Kb4 Re3 49. a4 Ke6 50. c4 dxc4 51. Kxc4 Ra3 52. Kb4 Rd3
53. Kc4 Ra3 1/2-1/2

[Event "Veteran-SM"]
[Site "Lund"]
[Date "2010.07.05"]
[Round "3.5"]
[White "Eriksson, Bo H. T"]
[Black "Malmdin, Nils Åke"]
[Result "1/2-1/2"]
[WhiteElo "2162"]
[BlackElo "2297"]
[PlyCount "105"]
[EventDate "2010.07.03"]
[Source "Anders Hansen"]
[SourceDate "2010.07.03"]

1. d4 Nf6 2. Bg5 e6 3. Nf3 Be7 4. c4 b6 5. Nc3 Bb7 6. Qc2 Na6 7. e4 c5 8. Bxf6
Bxf6 9. d5 exd5 10. cxd5 O-O 11. Be2 Re8 12. a3 d6 13. O-O Nc7 14. Rfe1 a6 15.
a4 Bc8 16. Kh1 Bd7 17. Nd2 b5 18. f4 Bd4 19. Bf3 Rb8 20. Nb3 Rc8 21. axb5 axb5
22. Rad1 Qf6 23. Ne2 Bf2 24. Rf1 Be3 25. g3 Bh3 26. Bg2 Bxg2+ 27. Kxg2 Qg6 28.
Kf3 c4 29. Na5 Bb6 30. Nc6 Nxd5 31. Rxd5 Rxc6 32. Rxb5 Bc5 33. Nc3 Qe6 34. Kg2
g6 35. Re1 Bd4 36. Rd5 Bg7 37. Re2 Rb8 38. Nd1 f5 39. Rdd2 Qf7 40. Qa4 Rcb6 41.
e5 dxe5 42. Rd7 Qe6 43. fxe5 Qc6+ 44. Qxc6 Rxc6 45. Nc3 Re8 46. Rd5 Rce6 47.
Rc5 Bxe5 48. Rxc4 Bxc3 49. Rxe6 Rxe6 50. bxc3 Re2+ 51. Kg1 Kg7 52. Rc7+ Kh6 53.
c4 1/2-1/2

[Event "Veteran-SM"]
[Site "Lund"]
[Date "2010.07.05"]
[Round "3.6"]
[White "Nordström, Felix"]
[Black "Söderborg, Berndt"]
[Result "1-0"]
[WhiteElo "2192"]
[BlackElo "2115"]
[PlyCount "53"]
[EventDate "2010.07.03"]
[Source "Anders Hansen"]
[SourceDate "2010.07.03"]

1. d4 Nf6 2. c4 g6 3. Nc3 d5 4. Nf3 Bg7 5. e3 O-O 6. Qb3 dxc4 7. Bxc4 Nc6 8.
Ne5 Nxe5 9. dxe5 Nd7 10. e6 Nc5 11. exf7+ Kh8 12. Qc2 Be6 13. Bxe6 Nxe6 14. O-O
c6 15. Rd1 Qc8 16. Ne4 Rxf7 17. Bd2 Rf5 18. Bc3 Qc7 19. Bxg7+ Kxg7 20. Qc4 Nf8
21. Rd2 Rd8 22. Qc3+ Kf7 23. Qb3+ e6 24. Rxd8 Qxd8 25. Qxb7+ Qd7 26. Qxd7+ Nxd7
27. Nd6+ 1-0

[Event "Veteran-SM"]
[Site "Lund"]
[Date "2010.07.05"]
[Round "3.7"]
[White "Svensson, Sören"]
[Black "Marklund, Gunnar"]
[Result "1-0"]
[WhiteElo "2121"]
[BlackElo "2080"]
[PlyCount "147"]
[EventDate "2010.07.03"]
[Source "Anders Hansen"]
[SourceDate "2010.07.03"]

1. d4 c6 2. c4 d5 3. Nc3 Nf6 4. Nf3 g6 5. e3 Bg7 6. Bd3 O-O 7. h3 dxc4 8. Bxc4
b5 9. Bd3 a5 10. O-O Na6 11. e4 Bb7 12. Qe2 Nc7 13. Rd1 Nd7 14. Bf4 Ne6 15. Be3
Qb8 16. Rac1 b4 17. Na4 Nf4 18. Bxf4 Qxf4 19. e5 c5 20. Nxc5 Nxc5 21. dxc5 Bxf3
22. Qxf3 Qxf3 23. gxf3 Bxe5 24. Be4 Ra7 25. Rc2 Rc8 26. Rd5 Bf4 27. c6 e6 28.
Rd7 Rcc7 29. Rxc7 Rxc7 30. Bd3 Ra7 31. b3 Kf8 32. Rc4 Bd6 33. Rd4 Be5 34. Re4
Bb8 35. Bb5 e5 36. Re2 Re7 37. Rd2 Bc7 38. Kf1 e4 39. fxe4 Rxe4 40. Rd7 Re7 41.
Rd3 g5 42. Bc4 Kg7 43. Kg2 f5 44. Rd5 Kg6 45. Bd3 Rf7 46. Rd7 Rxd7 47. cxd7 Kf6
48. f3 h5 49. Kf1 h4 50. Kg2 Ke5 51. Kf2 Bb6+ 52. Kg2 f4 53. Bb5 Kd4 54. Kf1
Kc3 55. Ke2 Kb2 56. Kd3 Bd8 57. Bc6 Kxa2 58. Kc2 Ka3 59. Bb5 g4 60. fxg4 f3 61.
Ba4 Ka2 62. Kd2 Bg5+ 63. Ke1 Kb2 64. Kf2 Kc3 65. Kxf3 Kd4 66. d8=Q+ Bxd8 67.
Kf4 Bc7+ 68. Kf5 Be5 69. g5 Bh8 70. Bc6 Bg7 71. Kg4 Ke5 72. Kxh4 Kf5 73. Kh5
Ke6 74. Kg6 1-0

[Event "Veteran-SM"]
[Site "Lund"]
[Date "2010.07.05"]
[Round "3.10"]
[White "Andersson, Sven-Olof"]
[Black "Persson, Börje"]
[Result "1/2-1/2"]
[WhiteElo "2057"]
[BlackElo "1969"]
[PlyCount "66"]
[EventDate "2010.07.03"]
[Source "Anders Hansen"]
[SourceDate "2010.07.03"]

1. d4 Nf6 2. Nf3 e6 3. g3 b6 4. Bg2 Bb7 5. O-O d6 6. c4 Nbd7 7. Nc3 Be7 8. Qc2
O-O 9. e4 e5 10. Nd5 exd4 11. Nxd4 Nxd5 12. cxd5 a5 13. Be3 Bf6 14. Rad1 Bxd4
15. Bxd4 Ba6 16. Rfe1 Nc5 17. Re3 Re8 18. b3 Qd7 19. a3 a4 20. bxa4 Bc8 21. Bf1
Rxa4 22. Qb2 Ba6 23. Bxa6 Rxa6 24. Bxg7 f5 25. Bd4 Rxe4 26. Rde1 Nd3 27. Rxe4
fxe4 28. Qd2 Nxe1 29. Qg5+ Kf8 30. Qf6+ Qf7 31. Qd8+ Qe8 32. Qf6+ Qf7 33. Qd8+
Qe8 1/2-1/2

[Event "Veteran-SM"]
[Site "Lund"]
[Date "2010.07.06"]
[Round "4.1"]
[White "Hammar, Bengt"]
[Black "Andersson, Gunnar"]
[Result "1/2-1/2"]
[WhiteElo "2230"]
[BlackElo "2040"]
[PlyCount "23"]
[EventDate "2010.07.03"]
[Source "Anders Hansen"]
[SourceDate "2010.07.03"]

1. e4 e5 2. Nf3 Nc6 3. Bb5 a6 4. Ba4 d6 5. c3 f5 6. exf5 Bxf5 7. O-O Bd3 8. Re1
Be7 9. Bc2 Bxc2 10. Qxc2 Nf6 11. d4 e4 12. Nfd2 1/2-1/2

[Event "Veteran-SM"]
[Site "Lund"]
[Date "2010.07.06"]
[Round "4.2"]
[White "Svensson, Sören"]
[Black "Wahlbom, Magnus"]
[Result "1/2-1/2"]
[WhiteElo "2121"]
[BlackElo "2288"]
[PlyCount "54"]
[EventDate "2010.07.03"]
[Source "Anders Hansen"]
[SourceDate "2010.07.03"]

1. d4 Nf6 2. c4 e6 3. Nf3 b6 4. a3 Bb7 5. Nc3 g6 6. Bg5 h6 7. Bxf6 Qxf6 8. e4
Bg7 9. d5 Qe7 10. Be2 O-O 11. O-O d6 12. Qd2 Nd7 13. Nd4 Nc5 14. Rad1 e5 15.
Nc2 f5 16. Bf3 fxe4 17. Bxe4 Nxe4 18. Nxe4 Rf4 19. f3 g5 20. Ne3 h5 21. g3 Rf7
22. g4 hxg4 23. fxg4 Rf4 24. Ng3 e4 25. Ngf5 Qe5 26. Nxg7 Kxg7 27. Qd4 Re8
1/2-1/2

[Event "Veteran-SM"]
[Site "Lund"]
[Date "2010.07.06"]
[Round "4.4"]
[White "Andersson, Kaj"]
[Black "Andersson, Göran"]
[Result "0-1"]
[WhiteElo "2098"]
[BlackElo "2169"]
[PlyCount "58"]
[EventDate "2010.07.03"]
[Source "Anders Hansen"]
[SourceDate "2010.07.03"]

1. d4 Nf6 2. c4 g6 3. Nc3 Bg7 4. e4 d6 5. Bd3 O-O 6. Nge2 e5 7. d5 Nh5 8. Be3
f5 9. f3 c5 10. Qc2 Na6 11. a3 Nc7 12. exf5 gxf5 13. O-O-O e4 14. fxe4 f4 15.
Bd2 Be5 16. Ng1 Bg4 17. Be2 Nf6 18. Nf3 Bxf3 19. Bxf3 Qe8 20. g3 fxg3 21. hxg3
b5 22. Rh4 bxc4 23. Rdh1 Rb8 24. g4 Nb5 25. Nxb5 Rxb5 26. Bc3 Bxc3 27. bxc3 Qe5
28. Bg2 Rfb8 29. R4h3 Qg5+ 0-1

[Event "Veteran-SM"]
[Site "Lund"]
[Date "2010.07.06"]
[Round "4.5"]
[White "Malmdin, Nils Åke"]
[Black "Hesselborn, Per-Ove"]
[Result "1/2-1/2"]
[WhiteElo "2297"]
[BlackElo "2309"]
[PlyCount "82"]
[EventDate "2010.07.03"]
[Source "Anders Hansen"]
[SourceDate "2010.07.03"]

1. e4 c5 2. Nf3 d6 3. d4 cxd4 4. Nxd4 Nf6 5. Nc3 g6 6. Be2 Bg7 7. O-O Nc6 8.
Nb3 O-O 9. Bg5 Be6 10. f4 Rc8 11. Bh4 Re8 12. f5 Bxb3 13. axb3 a6 14. fxg6 hxg6
15. Bg5 Qb6+ 16. Kh1 Qd4 17. Qe1 Ne5 18. Rd1 Qb4 19. Qh4 Rxc3 20. bxc3 Qxc3 21.
Rc1 b5 22. Bf3 a5 23. Qe1 Qxe1 24. Rfxe1 a4 25. Bd2 Rc8 26. Bb4 Nfd7 27. Be2
Rb8 28. bxa4 bxa4 29. Rb1 Rc8 30. Bb5 Rxc2 31. Bxa4 Rc4 32. Bb5 Rc7 33. Ba5 Ra7
34. Bc3 Bf6 35. h3 Nc5 36. Bd4 Rc7 37. Rec1 Ned7 38. Be3 Nf8 39. Bc4 Kg7 40.
Be2 Nfd7 41. Bb5 Nf8 1/2-1/2